| 000 | 00361nam a22001457a 4500 | ||
|---|---|---|---|
| 020 | _a9780007597734 | ||
| 082 |
_a823 _bTIL/S |
||
| 100 | _aTilly Bagshawe | ||
| 245 |
_aSidney Sheldon's chasing tomorrow _cby Tilly Bagshawe |
||
| 260 |
_aIndia: _bHarper, _c2014. |
||
| 300 | _a394p. | ||
| 650 |
_aLiterature English _vNovel |
||
| 650 | _aLiterature | ||
| 942 | _cBK | ||
| 999 |
_c54688 _d54688 |
||